[Event "Robecchetto op-A 26th"]
[Site "Robecchetto"]
[Date "2015.07.24"]
[Round "1"]
[White "Pace, Roberto"]
[Black "Quirico, Paolo"]
[Result "0-1"]
[WhiteElo "1956"]
[BlackElo "2110"]
[PlyCount "102"]
[EventDate "2015.07.24"]
[EventType "swiss"]
[EventRounds "5"]
[EventCountry "ITA"]
[SourceTitle "EXT 2016"]
[Source "ChessBase"]
[SourceDate "2015.10.08"]
[SourceVersion "1"]
[SourceVersionDate "2015.10.08"]
[SourceQuality "1"]

1. e4 e6 2. d4 d5 3. e5 c5 4. dxc5 Qc7 5. Nf3 Bxc5 6. Bd3 Nd7 7. Qe2 Ne7 8. Bf4 Nc6 9. c3 a5 10. Bg3 Be7 11. 0-0 Nc5 12. Bc2 b5 13. Na3 b4 14. Nb5 Qb6 15. a4 Ba6 16. Nfd4 Rb8 17. Rfd1 0-0 18. Qh5 g6 19. Qg4 Nxd4 20. cxd4 Nxa4 21. Bxa4 Bxb5 22. Bh4 Bxh4 23. Qxh4 Bxa4 24. Rxa4 Qb5 25. Raa1 Qe2 26. b3 Ra8 27. Re1 Qb2 28. Rab1 Qc2 29. Rbc1 Qf5 30. Re3 Rfc8 31. Rce1 Rc3 32. g4 Qf4 33. Kg2 Rac8 34. h3 Rxe3 35. Rxe3 Qxd4 36. Qf6 Rf8 37. Kg3 Qd2 38. h4 d4 39. Rf3 Qh6 40. g5 Qg7 41. Qf4 Rd8 42. Rd3 Qf8 43. Rxd4 Rxd4 44. Qxd4 Qb8 45. f4 Qc7 46. Kg4 Kg7 47. h5 gxh5+ 48. Kxh5 Qc3 49. Qf2 Qh3+ 50. Qh4 Qxh4+ 51. Kxh4 a4 0-1

[Event "Erba op 5th"]
[Site "Erba"]
[Date "2011.03.20"]
[Round "5"]
[White "Miracola, Massimiliano"]
[Black "Pace, Roberto"]
[Result "1-0"]
[WhiteElo "1929"]
[BlackElo "1981"]
[PlyCount "61"]
[EventDate "2011.03.18"]
[EventType "swiss"]
[EventRounds "5"]
[EventCountry "ITA"]
[SourceTitle "EXT 2023"]
[Source "ChessBase"]
[SourceDate "2022.10.05"]
[SourceVersion "1"]
[SourceVersionDate "2022.10.05"]
[SourceQuality "1"]

1. e4 c5 2. Nf3 d6 3. d4 cxd4 4. Nxd4 Nf6 5. Nc3 e6 6. Be3 a6 7. f3 Be7 8. Qd2 Qc7 9. 0-0-0 Nc6 10. g4 Ne5 11. g5 Nfd7 12. f4 Nc4 13. Bxc4 Qxc4 14. Kb1 Qc7 15. Qf2 b5 16. Rhe1 Nc5 17. a3 Bb7 18. f5 e5 19. Nb3 Nxe4 20. Nxe4 Bxe4 21. Bb6 Bxc2+ 22. Ka1 Qb8 23. Qxc2 Qxb6 24. Qg2 0-0-0 25. f6 gxf6 26. gxf6 Bxf6 27. Rf1 d5 28. Rxd5 Kb8 29. Rc5 Rd3 30. Rc6 Qd8 31. Rfxf6 1-0

[Event "Crema op 12th"]
[Site "Crema "]
[Date "2010.09.05"]
[Round "5"]
[White "Pace, Roberto"]
[Black "Bocci, Alessandro"]
[Result "0-1"]
[WhiteElo "1984"]
[BlackElo "1965"]
[PlyCount "104"]
[EventDate "2010.09.05"]
[EventType "swiss"]
[EventRounds "6"]
[EventCountry "ITA"]
[SourceTitle "EXT 2012"]
[Source "ChessBase"]
[SourceDate "2011.11.24"]
[SourceVersion "1"]
[SourceVersionDate "2011.11.24"]
[SourceQuality "1"]

1. e4 c5 2. Nf3 Nc6 3. d4 cxd4 4. Nxd4 Qc7 5. Nc3 e6 6. Be2 a6 7. a3 Nf6 8. 0-0 Bd6 9. g3 Nxd4 10. Qxd4 Be5 11. Qd3 b5 12. Bd2 Bb7 13. Bf3 h5 14. Bg2 h4 15. f4 Bd6 16. Bf3 Nh5 17. Kg2 g5 18. Qe2 Ng7 19. e5 Be7 20. Be3 gxf4 21. Bxf4 Nf5 22. Rad1 hxg3 23. hxg3 0-0-0 24. Ne4 Rdg8 25. Rh1 Nh4+ 26. Rxh4 Rxh4 27. Kf1 Rhh8 28. Ke1 Kb8 29. Rd3 Rc8 30. c3 Bd5 31. Rd2 Qc4 32. Qe3 Bc5 33. Nxc5 Qxc5 34. Bxd5 Qxe3+ 35. Bxe3 exd5 36. Rxd5 Rce8 37. Kd2 Kc8 38. b4 Re6 39. Bf4 Rh2+ 40. Kd3 Ra2 41. Bc1 Rg6 42. Bf4 Rxa3 43. Kd4 Rc6 44. Bd2 Ra2 45. Kd3 Ra1 46. Rd4 Rf1 47. Ke3 Rd1 48. Ke2 Ra1 49. Rf4 Re6 50. Rf5 Ra2 51. Ke3 d6 52. Rxf7 Rxe5+ 0-1

[Event "Crema op 12th"]
[Site "Crema "]
[Date "2010.09.05"]
[Round "3"]
[White "Pace, Roberto"]
[Black "Carrai, Giacomo"]
[Result "1-0"]
[WhiteElo "1984"]
[BlackElo "1860"]
[PlyCount "28"]
[EventDate "2010.09.05"]
[EventType "swiss"]
[EventRounds "6"]
[EventCountry "ITA"]
[SourceTitle "EXT 2012"]
[Source "ChessBase"]
[SourceDate "2011.11.24"]
[SourceVersion "1"]
[SourceVersionDate "2011.11.24"]
[SourceQuality "1"]

1. e4 Nf6 2. Qe2 e5 3. Nf3 Nc6 4. g3 Bc5 5. Bg2 0-0 6. 0-0 Re8 7. c3 d6 8. d3 Bg4 9. h3 Bh5 10. Nbd2 Bb6 11. Nc4 Qd7 12. Bg5 Qe7 13. a4 Na5 14. Nxa5 Bxa5 1-0

[Event "Calvi Balagne op 07th"]
[Site "Calvi"]
[Date "2010.04.28"]
[Round "6"]
[White "Pace, Roberto"]
[Black "Pieri, Pierre Louis"]
[Result "0-1"]
[WhiteElo "2030"]
[BlackElo "1878"]
[PlyCount "120"]
[EventDate "2010.04.25"]
[EventType "swiss"]
[EventRounds "9"]
[EventCountry "FRA"]
[SourceTitle "CBM 136 Extra"]
[Source "ChessBase"]
[SourceDate "2010.07.02"]
[SourceVersion "2"]
[SourceVersionDate "2010.07.15"]
[SourceQuality "1"]

1. e4 c5 2. Nf3 d6 3. d4 cxd4 4. Nxd4 Nf6 5. Nc3 a6 6. Bg5 e6 7. f4 Nbd7 8. Qf3 Qc7 9. Bd3 b5 10. 0-0-0 b4 11. Nd5 exd5 12. exd5 Bb7 13. Rhe1+ Kd8 14. Kb1 Be7 15. Qe2 Nb6 16. Nf5 Nc8 17. Bc4 Rg8 18. h3 h6 19. Bh4 g5 20. fxg5 hxg5 21. Bf2 Re8 22. Qd3 Nd7 23. Bg3 Bf6 24. Rxe8+ Kxe8 25. Bb3 Ne5 26. Qe2 Ne7 27. Ne3 Bc8 28. Rf1 Ng8 29. Qh5 Ra7 30. Qh7 Kf8 31. Qe4 Rb7 32. Re1 Bd7 33. Nf5 Bxf5 34. Qxf5 Rb8 35. Rf1 Qc8 36. Qh7 Qd7 37. Qe4 a5 38. Bc4 a4 39. h4 Nxc4 40. Qxc4 gxh4 41. Bxh4 Bxh4 42. Qxh4 b3 43. cxb3 axb3 44. axb3 Rxb3 45. Qc4 Qb7 46. Qd4 Qb5 47. Rc1 Qd3+ 48. Qxd3 Rxd3 49. Rc8+ Kg7 50. Kc2 Rxd5 51. b4 Ne7 52. Rc7 Nf5 53. Kc3 Ne3 54. g3 Rg5 55. Kd4 Rxg3 56. b5 Ng4 57. Kd5 Nf6+ 58. Kd4 Rb3 59. Kc4 Rb1 60. Ra7 Kg6 0-1

[Event "EU-ch Union SCIPT 15th"]
[Site "Porto"]
[Date "2007.09.11"]
[Round "2"]
[White "Schwartz, Arie"]
[Black "Pace, Roberto"]
[Result "1/2-1/2"]
[WhiteElo "2256"]
[BlackElo "2037"]
[PlyCount "74"]
[EventDate "2007.09.10"]
[EventType "team-swiss"]
[EventRounds "9"]
[EventCountry "POR"]
[SourceTitle "EXT 2016"]
[Source "ChessBase"]
[SourceDate "2015.10.08"]
[SourceVersion "1"]
[SourceVersionDate "2015.10.08"]
[SourceQuality "1"]

1. d4 Nf6 2. Nf3 e6 3. c4 Bb4+ 4. Bd2 Qe7 5. Nc3 Bxc3 6. Bxc3 Ne4 7. Qc2 Nxc3 8. Qxc3 d6 9. g3 b6 10. Bg2 Bb7 11. 0-0 0-0 12. d5 e5 13. e4 Nd7 14. Rac1 a5 15. b3 g6 16. Qd2 Qf6 17. h4 Qg7 18. h5 Nc5 19. Nh4 Rae8 20. h6 Qf6 21. Rce1 Bc8 22. Qe3 Kh8 23. Nf3 Bg4 24. Ng5 Qe7 25. Bh3 Bxh3 26. Nxh3 f6 27. Kg2 Rf7 28. f3 Qf8 29. Rh1 Rfe7 30. Nf2 f5 31. Rh4 Qf6 32. Rhh1 Rg8 33. g4 fxe4 34. Nxe4 Nxe4 35. Qxe4 Rf8 36. Rh3 Ref7 37. Qe3 Qf4 1/2-1/2

[Event "Ceriano Laghetto op 12th"]
[Site "Ceriano Laghetto"]
[Date "2005.02.06"]
[Round "6"]
[White "Rossi, Giampiero"]
[Black "Pace, Roberto"]
[Result "0-1"]
[WhiteElo "2029"]
[BlackElo "2066"]
[PlyCount "58"]
[EventDate "2005.01.29"]
[EventType "swiss"]
[EventRounds "5"]
[EventCountry "ITA"]
[SourceTitle "EXT 2007"]
[Source "ChessBase"]
[SourceDate "2006.11.23"]
[SourceVersion "1"]
[SourceVersionDate "2006.11.23"]
[SourceQuality "1"]

1. d4 Nf6 2. c4 e6 3. Nc3 Bb4 4. Qc2 0-0 5. a3 Bxc3+ 6. Qxc3 b6 7. f3 c5 8. Bg5 cxd4 9. Qxd4 Nc6 10. Qh4 Ne5 11. Bxf6 gxf6 12. e3 Ba6 13. Nh3 Rc8 14. b3 Ng6 15. Qd4 e5 16. Qd2 Qe7 17. Be2 Rfd8 18. 0-0 d5 19. cxd5 Bxe2 20. Qxe2 Rxd5 21. b4 Rc3 22. Nf2 Kg7 23. Rfd1 Qd7 24. Qb2 Rxd1+ 25. Rxd1 Qc6 26. Re1 Rc2 27. Qa1 Nh4 28. Qd1 Qc3 29. Qa1 Qd2 0-1

[Event "Ceriano Laghetto op 12th"]
[Site "Ceriano Laghetto"]
[Date "2005.01.29"]
[Round "1"]
[White "Pace, Roberto"]
[Black "Sbarra, Marco"]
[Result "0-1"]
[WhiteElo "2066"]
[BlackElo "2204"]
[PlyCount "48"]
[EventDate "2005.01.29"]
[EventType "swiss"]
[EventRounds "5"]
[EventCountry "ITA"]
[SourceTitle "EXT 2007"]
[Source "ChessBase"]
[SourceDate "2006.11.23"]
[SourceVersion "1"]
[SourceVersionDate "2006.11.23"]
[SourceQuality "1"]

1. e4 e5 2. Nf3 Nc6 3. Bb5 a6 4. Ba4 Nf6 5. 0-0 b5 6. Bb3 Bc5 7. Qe2 d6 8. c3 0-0 9. h3 Bb7 10. d3 h6 11. Re1 Re8 12. Nbd2 Ne7 13. Nf1 Ng6 14. Ng3 d5 15. exd5 Nxd5 16. Qe4 Rb8 17. Qg4 Bc8 18. Qh5 Be6 19. Nxe5 Nf6 20. Qf3 Bxb3 21. axb3 Nxe5 22. Rxe5 Rxe5 23. Bf4 Re6 24. Nf5 Qd5 0-1

[Event "Melegnano op 3rd"]
[Site "Melegnano"]
[Date "2004.02.14"]
[Round "2"]
[White "D'Apa, Matteo"]
[Black "Pace, Roberto"]
[Result "0-1"]
[WhiteElo "1849"]
[BlackElo "2063"]
[PlyCount "110"]
[EventDate "2004.02.13"]
[EventType "swiss"]
[EventRounds "5"]
[EventCountry "ITA"]
[SourceTitle "EXT 2008"]
[Source "ChessBase"]
[SourceDate "2007.11.25"]
[SourceVersion "1"]
[SourceVersionDate "2007.11.25"]
[SourceQuality "1"]

1. d4 Nf6 2. c4 e6 3. Nc3 Bb4 4. a3 Bxc3+ 5. bxc3 d6 6. Bg5 Qe7 7. Nf3 0-0 8. e3 b6 9. Bd3 Bb7 10. 0-0 Nc6 11. Nd2 Na5 12. Ne4 Bxe4 13. Bxe4 Rac8 14. Bc2 c5 15. Qd3 g6 16. d5 exd5 17. cxd5 Qe5 18. Bh6 Rfe8 19. c4 Qe4 20. Qc3 Qe5 21. Qd3 Ng4 22. Bf4 Qf6 23. Bb3 b5 24. Rfc1 Qb2 25. Bc2 Nxc4 26. Rcb1 Qf6 27. Qd1 Nge5 28. Rxb5 Rb8 29. a4 a6 30. Rxb8 Rxb8 31. Rb1 Qd8 32. Rxb8 Qxb8 33. Qb1 Qxb1+ 34. Bxb1 f6 35. e4 Kf7 36. f3 Ke7 37. Kf1 Kd7 38. Ke2 Kc7 39. Bxe5 Nxe5 40. Kd2 Kb6 41. Kc3 g5 42. Bc2 h5 43. Bd1 h4 44. Be2 Ka5 45. Kb3 Nd7 46. Bd1 Nb6 47. Kc3 Nxa4+ 48. Bxa4 Kxa4 49. Kc4 Ka5 50. g3 Kb6 51. f4 Kc7 52. e5 gxf4 53. gxf4 fxe5 54. fxe5 dxe5 55. Kxc5 a5 0-1

[Event "Melegnano op 3rd"]
[Site "Melegnano"]
[Date "2004.02.14"]
[Round "3"]
[White "Pace, Roberto"]
[Black "Barberi, Alessandro"]
[Result "0-1"]
[WhiteElo "2063"]
[BlackElo "2142"]
[PlyCount "116"]
[EventDate "2004.02.13"]
[EventType "swiss"]
[EventRounds "5"]
[EventCountry "ITA"]
[SourceTitle "EXT 2008"]
[Source "ChessBase"]
[SourceDate "2007.11.25"]
[SourceVersion "1"]
[SourceVersionDate "2007.11.25"]
[SourceQuality "1"]

1. e4 c5 2. Nf3 d6 3. d4 cxd4 4. Nxd4 Nf6 5. Nc3 g6 6. Be3 Bg7 7. Be2 0-0 8. Qd2 Nc6 9. Nb3 Re8 10. 0-0-0 Be6 11. f3 Na5 12. e5 Nxb3+ 13. axb3 dxe5 14. Qxd8 Raxd8 15. Rxd8 Rxd8 16. Bxa7 Ra8 17. Bc5 Bh6+ 18. Kb1 Kf8 19. Rd1 Nd7 20. Bb4 Rc8 21. Nd5 Bg5 22. g3 Bf5 23. Bd3 Bxd3 24. Rxd3 Ke8 25. h4 Bf6 26. Nxf6+ Nxf6 27. c4 Nh5 28. Be1 Ng7 29. Bc3 f6 30. Be1 Ne6 31. Bf2 Rc6 32. Kc2 Rd6 33. Kc3 Kd7 34. b4 g5 35. Be3 gxh4 36. gxh4 h5 37. b5 Nf8 38. Bf2 Ng6 39. Bg3 Nf8 40. Bf2 Ne6 41. c5 Rxd3+ 42. Kxd3 Nf4+ 43. Kc4 e6 44. b4 Nh3 45. Be3 f5 46. Kd3 Kc7 47. Ke2 Kd7 48. Kf1 Kc7 49. Bh6 Nf4 50. Bxf4 exf4 51. Ke2 e5 52. Kd3 Kd7 53. Ke2 e4 54. Kd2 Ke6 55. fxe4 fxe4 56. Kc3 f3 57. Kd2 f2 58. Ke2 e3 0-1

[Event "Ceriano Laghetto op 13th"]
[Site "Ceriano Laghetto"]
[Date "2004.02.08"]
[Round "6"]
[White "Bianchi, Alberto"]
[Black "Pace, Roberto"]
[Result "0-1"]
[WhiteElo "2033"]
[BlackElo "2063"]
[PlyCount "73"]
[EventDate "2004.01.31"]
[EventType "swiss"]
[EventRounds "6"]
[EventCountry "ITA"]
[SourceTitle "EXT 2009"]
[Source "ChessBase"]
[SourceDate "2008.11.26"]
[SourceVersion "1"]
[SourceVersionDate "2008.11.26"]
[SourceQuality "1"]

1. e4 c5 2. Nc3 d6 3. Nf3 Nf6 4. Bc4 e6 5. d4 cxd4 6. Nxd4 a6 7. Be3 Be7 8. Qe2 0-0 9. g4 b5 10. Bd3 b4 11. Nd1 Bb7 12. f3 Qc7 13. Nf2 d5 14. 0-0-0 Nc6 15. Nxc6 Bxc6 16. g5 dxe4 17. fxe4 Nd7 18. Ng4 Ne5 19. Nxe5 Qxe5 20. Qg4 f5 21. Qh3 fxe4 22. Bc4 Bd5 23. Bd4 Bxg5+ 24. Kb1 Qf5 25. Qb3 Rac8 26. Bxd5 exd5 27. Qxb4 Qe6 28. Bc3 Bf6 29. Bxf6 Rxf6 30. Qd4 Rf5 31. Rdg1 g6 32. Rg3 Qe7 33. Qd2 Qf6 34. Qh6 Rf8 35. a3 e3 36. Rh3 Rf7 37. Ka2 0-1

[Event "Ceriano Laghetto op 13th"]
[Site "Ceriano Laghetto"]
[Date "2004.02.08"]
[Round "5"]
[White "Cazzaniga, Walter"]
[Black "Pace, Roberto"]
[Result "0-1"]
[WhiteElo "2109"]
[BlackElo "2063"]
[PlyCount "132"]
[EventDate "2004.01.31"]
[EventType "swiss"]
[EventRounds "6"]
[EventCountry "ITA"]
[SourceTitle "EXT 2009"]
[Source "ChessBase"]
[SourceDate "2008.11.26"]
[SourceVersion "1"]
[SourceVersionDate "2008.11.26"]
[SourceQuality "1"]

1. d4 Nf6 2. c4 e6 3. Nf3 b6 4. g3 Bb7 5. Bg2 Bb4+ 6. Bd2 Qe7 7. 0-0 Bxd2 8. Nbxd2 d6 9. Qc2 0-0 10. e4 e5 11. d5 Ng4 12. Ne1 Nd7 13. Nd3 a5 14. b3 Nc5 15. a3 Nxd3 16. Qxd3 Qg5 17. h3 Nh6 18. f4 exf4 19. Rxf4 Rae8 20. Kh2 Bc8 21. Raf1 Qe7 22. b4 axb4 23. axb4 Bd7 24. Nb3 Ra8 25. Nd4 Ra4 26. b5 Rfa8 27. Nf5 Bxf5 28. exf5 f6 29. Re4 Qf8 30. Rf2 Nf7 31. Bf1 Ne5 32. Qe3 Ra3 33. Qf4 Rc3 34. Re3 Rxe3 35. Qxe3 Ra4 36. g4 h6 37. Rc2 Qa8 38. Rc3 Qa5 39. Kg3 Ra1 40. Be2 Re1 41. Rc1 Rxc1 42. Qxc1 Qa2 43. Qe3 Qa1 44. Kg2 Qe1 45. Qe4 Kf8 46. Qe3 Kg8 47. Qe4 Kh7 48. Qc2 Qa1 49. Qe4 Qc3 50. Kh2 Qe1 51. Kg2 Qd2 52. Kg1 Nf7 53. Kg2 Qb2 54. h4 Qe5 55. Qxe5 dxe5 56. Kf3 Kg8 57. Ke4 Nd6+ 58. Ke3 h5 59. Kd3 Kf7 60. gxh5 Nxf5 61. c5 Ke7 62. d6+ cxd6 63. cxb6 Kd8 64. Ke4 Ne7 65. Bg4 d5+ 66. Kd3 f5 0-1

[Event "Ceriano Laghetto op 13th"]
[Site "Ceriano Laghetto"]
[Date "2004.02.07"]
[Round "4"]
[White "Pace, Roberto"]
[Black "Pelizzola, Danilo"]
[Result "1/2-1/2"]
[WhiteElo "2063"]
[BlackElo "2125"]
[PlyCount "161"]
[EventDate "2004.01.31"]
[EventType "swiss"]
[EventRounds "6"]
[EventCountry "ITA"]
[SourceTitle "EXT 2009"]
[Source "ChessBase"]
[SourceDate "2008.11.26"]
[SourceVersion "1"]
[SourceVersionDate "2008.11.26"]
[SourceQuality "1"]

1. e4 c5 2. Nf3 Nc6 3. d4 cxd4 4. Nxd4 Nf6 5. Nc3 e5 6. Ndb5 d6 7. Bg5 a6 8. Na3 b5 9. Nd5 Be7 10. Bxf6 Bxf6 11. c3 Bg5 12. Bd3 Be6 13. Bc2 Rb8 14. 0-0 0-0 15. Qd3 f5 16. f3 b4 17. Nc4 bxc3 18. bxc3 Ne7 19. Nxe7+ Bxe7 20. Ne3 fxe4 21. Qxe4 g6 22. Bb3 Bxb3 23. axb3 Qb6 24. Kh1 Bg5 25. Nd5 Qb7 26. b4 Rfc8 27. Rfd1 Kg7 28. Qg4 Bd8 29. Qe6 Rc6 30. Ra2 Qf7 31. Qg4 Rbc8 32. Qe4 Rc4 33. Qe2 Qb7 34. Qd3 R8c6 35. Rda1 Qb5 36. Rd2 Qb7 37. Re2 Qb5 38. Qd2 a5 39. bxa5 Bxa5 40. Re3 Bb6 41. Rd3 Ba5 42. Rd1 Qb7 43. Qe1 Bd8 44. Rb1 Qa8 45. Rdd1 R6c5 46. Qd2 h6 47. Rb4 Bg5 48. Qd3 Qc6 49. Rxc4 Rxc4 50. Ra1 Ra4 51. Rb1 Bd8 52. h3 Rc4 53. Rb3 Rc5 54. Ne3 Bg5 55. Ng4 h5 56. Nf2 d5 57. g4 Bh4 58. Kg2 Bxf2 59. Kxf2 hxg4 60. hxg4 e4 61. Qd4+ Kf7 62. f4 Ra5 63. Qh8 Qc5+ 64. Qd4 Qxd4+ 65. cxd4 Ra2+ 66. Ke3 Rg2 67. Rb7+ Ke6 68. Rb6+ Kf7 69. Rd6 Rg3+ 70. Ke2 Rxg4 71. Rxd5 Rxf4 72. Ke3 Rh4 73. Re5 Kf6 74. Rxe4 Rh3+ 75. Kf4 Rd3 76. Kg4 g5 77. Re8 Rxd4+ 78. Kg3 Ra4 79. Rf8+ Kg7 80. Rb8 Rf4 81. Rb6 1/2-1/2

[Event "Ceriano Laghetto op 13th"]
[Site "Ceriano Laghetto"]
[Date "2004.02.01"]
[Round "2"]
[White "Bozzali, Ermanno"]
[Black "Pace, Roberto"]
[Result "0-1"]
[WhiteElo "2124"]
[BlackElo "2063"]
[PlyCount "102"]
[EventDate "2004.01.31"]
[EventType "swiss"]
[EventRounds "6"]
[EventCountry "ITA"]
[SourceTitle "EXT 2009"]
[Source "ChessBase"]
[SourceDate "2008.11.26"]
[SourceVersion "1"]
[SourceVersionDate "2008.11.26"]
[SourceQuality "1"]

1. e4 c5 2. Nf3 d6 3. d4 cxd4 4. Nxd4 Nf6 5. Nc3 a6 6. Bc4 e6 7. Bb3 Be7 8. Be3 Qc7 9. g4 0-0 10. g5 Ne8 11. h4 d5 12. exd5 e5 13. Nde2 Nd6 14. Ng3 Nd7 15. Nge4 Nb6 16. Nxd6 Bxd6 17. Qe2 Bf5 18. 0-0-0 Nc8 19. Qf3 Ne7 20. Ne4 Rac8 21. h5 b5 22. Rd3 a5 23. Rc3 Qb8 24. Nf6+ Kh8 25. h6 Rxc3 26. bxc3 a4 27. hxg7+ Kxg7 28. Qh5 Ng8 29. Nd7 Qc7 30. Nxf8 Kxf8 31. Kd2 axb3 32. axb3 Ne7 33. g6 Bxg6 34. Qh6+ Kg8 35. Ra1 Qb7 36. c4 bxc4 37. bxc4 Nf5 38. Qg5 Be7 39. Qg4 Nxe3 40. fxe3 f5 41. Qe2 Bb4+ 42. Kc1 Bc5 43. Ra5 Qb6 44. Ra8+ Kg7 45. Kd2 Qb4+ 46. Kc1 Qc3 47. Qd3 Bxe3+ 48. Kb1 Qe1+ 49. Ka2 Bd4 50. Ra3 Qa1+ 51. Kb3 Qb2+ 0-1

[Event "Ceriano Laghetto op 11th"]
[Site "Ceriano Laghetto"]
[Date "2002.01.27"]
[Round "3"]
[White "Pace, Roberto"]
[Black "Crippa, Gabriele"]
[Result "1/2-1/2"]
[WhiteElo "2069"]
[BlackElo "2124"]
[PlyCount "79"]
[EventDate "2002.01.26"]
[EventType "swiss"]
[EventRounds "6"]
[EventCountry "ITA"]
[SourceTitle "EXT 2024"]
[Source "ChessBase"]
[SourceDate "2023.10.10"]
[SourceVersion "1"]
[SourceVersionDate "2023.10.10"]
[SourceQuality "1"]

1. e4 e6 2. d4 d5 3. e5 c5 4. c3 Qb6 5. Nf3 Nc6 6. Be2 Nh6 7. b3 cxd4 8. cxd4 Nf5 9. Bb2 Bb4+ 10. Kf1 Be7 11. Nc3 0-0 12. Na4 Qd8 13. Rc1 f6 14. g4 Nh6 15. Rg1 fxe5 16. dxe5 Nf7 17. Nc5 Ng5 18. Nd3 Ne4 19. Kg2 Bd7 20. Rf1 Qb6 21. Nd2 Be8 22. f3 Nxd2 23. Qxd2 Bg6 24. Kg3 a5 25. h4 h6 26. Nf4 Bb4 27. Bc3 Nxe5 28. a3 Bxc3 29. Qxc3 Rxf4 30. Qxe5 Raf8 31. h5 Be8 32. Rc7 R4f7 33. Rc8 Bd7 34. Rc7 Bb5 35. Rxf7 Rxf7 36. Bxb5 Qxb5 37. Rc1 Qxb3 38. Rc3 Qd1 39. Qxe6 Qg1+ 40. Kh3 1/2-1/2

[Event "Ceriano Laghetto op"]
[Site "Ceriano Laghetto"]
[Date "2000.02.13"]
[Round "6"]
[White "Bianchi, Andrea"]
[Black "Pace, Roberto"]
[Result "0-1"]
[WhiteElo "2121"]
[BlackElo "2033"]
[PlyCount "97"]
[EventDate "2000.02.??"]
[EventType "swiss"]
[EventRounds "6"]
[EventCountry "ITA"]
[SourceTitle "EXT 2005"]
[Source "ChessBase"]
[SourceDate "2004.11.15"]
[SourceVersion "1"]
[SourceVersionDate "2004.11.15"]
[SourceQuality "1"]

1. b3 e5 2. Bb2 Nc6 3. g3 d5 4. Bg2 Nf6 5. e3 Bg4 6. Ne2 Bc5 7. h3 Bf5 8. 0-0 Qd7 9. Kh2 Bd6 10. d4 exd4 11. Nxd4 Nxd4 12. Bxd4 Be7 13. Nd2 0-0 14. Bb2 Rad8 15. Qe2 Qc8 16. Rfc1 Qe6 17. Re1 Bb4 18. c3 Ba5 19. Nf3 Be4 20. Ng5 Qe7 21. Nxe4 Nxe4 22. Rad1 c6 23. Bxe4 dxe4 24. c4 Bc7 25. Rxd8 Rxd8 26. Rd1 f5 27. Qc2 h5 28. h4 Qxh4+ 29. Kg2 Qg5 30. Rh1 c5 31. Rh4 Rd3 32. b4 Rxe3 33. Rh3 Rd3 34. Bc1 Qg4 35. Be3 Qf3+ 36. Kh2 Rd1 37. Qxd1 Qxd1 38. Bxc5 b6 39. Be3 g6 40. c5 bxc5 41. bxc5 Qf1 42. a4 Kf7 43. Rh4 Ke6 44. a5 Bxa5 45. c6 a6 46. Bf4 Qxf2+ 47. Kh1 Bb6 48. Be3 Qxe3 49. Rxe4+ 0-1

[Event "Ceriano Laghetto op"]
[Site "Ceriano Laghetto"]
[Date "2000.02.12"]
[Round "4"]
[White "Pace, Roberto"]
[Black "Barlocco, Carlo"]
[Result "1/2-1/2"]
[WhiteElo "2033"]
[BlackElo "2170"]
[PlyCount "79"]
[EventDate "2000.02.??"]
[EventType "swiss"]
[EventRounds "6"]
[EventCountry "ITA"]
[SourceTitle "EXT 2005"]
[Source "ChessBase"]
[SourceDate "2004.11.15"]
[SourceVersion "1"]
[SourceVersionDate "2004.11.15"]
[SourceQuality "1"]

1. e4 Nf6 2. e5 Nd5 3. Bc4 Nb6 4. Be2 d6 5. Nf3 Nc6 6. exd6 Qxd6 7. d4 Bg4 8. c3 Rd8 9. Bd2 g6 10. Na3 Bg7 11. 0-0 0-0 12. Bg5 Qd5 13. Qc1 Rde8 14. Qf4 Qe6 15. Rfe1 Qd7 16. Bh6 Nd5 17. Qd2 Rd8 18. Bxg7 Kxg7 19. Nc4 f6 20. Rad1 Be6 21. Qc1 Bf7 22. Bf1 Rfe8 23. Ne3 Nxe3 24. Qxe3 Qf5 25. Bd3 Qa5 26. a3 e5 27. dxe5 Nxe5 28. Nxe5 Rxe5 29. Qf3 c6 30. Rxe5 Qxe5 31. Bf1 Rxd1 32. Qxd1 Qd5 33. Qxd5 Bxd5 34. f3 f5 35. f4 Kf6 36. Kf2 Ke6 37. Ke3 Kd6 38. b4 c5 39. g3 b6 40. Bd3 1/2-1/2

[Event "Corsico op"]
[Site "Corsico"]
[Date "2000.??.??"]
[Round "6"]
[White "Bertazzo, Giorgio"]
[Black "Pace, Roberto"]
[Result "1-0"]
[WhiteElo "2072"]
[BlackElo "2033"]
[PlyCount "73"]
[EventDate "2000.??.??"]
[EventType "swiss"]
[EventRounds "6"]
[EventCountry "ITA"]
[SourceTitle "EXT 2001"]
[Source "ChessBase"]
[SourceDate "2000.11.22"]
[SourceVersion "1"]
[SourceVersionDate "2000.11.22"]
[SourceQuality "1"]

1. e4 c5 2. f4 d6 3. Nf3 Nc6 4. Bb5 Bd7 5. c3 Nf6 6. d3 e6 7. 0-0 Be7 8. Qe1 0-0 9. Kh1 Qc7 10. h3 a6 11. Ba4 Nb4 12. cxb4 Bxa4 13. bxc5 dxc5 14. b3 Bb5 15. Ne5 Rad8 16. Rf3 Nd7 17. Nc4 Bxc4 18. dxc4 Bf6 19. e5 Be7 20. Bb2 Nb8 21. Na3 Rd7 22. f5 exf5 23. e6 fxe6 24. Qxe6+ Kh8 25. Rxf5 Rxf5 26. Qxf5 Qd8 27. Rf1 Nc6 28. Qg4 Bd6 29. Nc2 h6 30. Ne3 Be5 31. Bxe5 Nxe5 32. Qf5 Qe8 33. Qe4 Qb8 34. Nd5 Nc6 35. Qe6 Rd8 36. Nf4 Qe5 37. Ng6+ 1-0

[Event "Corsico Magistrale op 19th"]
[Site "Corsico"]
[Date "1999.10.09"]
[Round "5"]
[White "Galli, Fabio"]
[Black "Pace, Roberto"]
[Result "1-0"]
[WhiteElo "1933"]
[BlackElo "1851"]
[PlyCount "73"]
[EventDate "1999.10.02"]
[EventType "swiss"]
[EventRounds "6"]
[EventCountry "ITA"]
[SourceTitle "EXT 2001"]
[Source "ChessBase"]
[SourceDate "2000.11.22"]
[SourceVersion "1"]
[SourceVersionDate "2000.11.22"]
[SourceQuality "1"]

1. e4 e5 2. Nf3 Nc6 3. d4 exd4 4. Bc4 Be7 5. Nxd4 Ne5 6. Bb3 d6 7. 0-0 Nf6 8. Nc3 a6 9. f4 Ng6 10. Re1 0-0 11. Nd5 Nxd5 12. Bxd5 Bh4 13. g3 Bf6 14. c3 Rb8 15. Be3 Bd7 16. Qd2 Re8 17. Bf2 Qc8 18. Bb3 b5 19. Nf3 a5 20. Bd4 Be7 21. f5 Nh8 22. Qf4 Qd8 23. e5 c5 24. exd6 Bxd6 25. Qxd6 cxd4 26. Nxd4 Qc8 27. Kf2 Bxf5 28. Rxe8+ Qxe8 29. Nxf5 Ng6 30. Re1 Qc8 31. Ne7+ Nxe7 32. Qxe7 Qf5+ 33. Kg1 Rf8 34. Rf1 Qc8 35. Rxf7 Rxf7 36. Bxf7+ Kh8 37. Qe8+ 1-0

[Event "Corsico Magistrale op 19th"]
[Site "Corsico"]
[Date "1999.10.09"]
[Round "4"]
[White "Pace, Roberto"]
[Black "Drabke, Lorenz Maximilian"]
[Result "0-1"]
[WhiteElo "1851"]
[BlackElo "2035"]
[PlyCount "74"]
[EventDate "1999.10.02"]
[EventType "swiss"]
[EventRounds "6"]
[EventCountry "ITA"]
[SourceTitle "EXT 2001"]
[Source "ChessBase"]
[SourceDate "2000.11.22"]
[SourceVersion "1"]
[SourceVersionDate "2000.11.22"]
[SourceQuality "1"]

1. e4 c5 2. Nc3 Nc6 3. g3 g6 4. Bg2 Bg7 5. Nge2 e6 6. 0-0 Nge7 7. d3 0-0 8. Be3 Nd4 9. Nf4 d6 10. Nh3 Rb8 11. f4 b5 12. Qd2 b4 13. Nd1 Qa5 14. Ndf2 Qb6 15. Ng4 f5 16. Ngf2 a5 17. Ng5 h6 18. Ngh3 Nb5 19. Nd1 a4 20. c3 bxc3 21. bxc3 Ba6 22. Nhf2 Qa5 23. Rc1 Rfc8 24. Re1 Rc7 25. g4 d5 26. e5 Na3 27. Qe2 Kh7 28. Bh3 Qb5 29. gxf5 Nxf5 30. Bxf5 gxf5 31. Kh1 Rg8 32. h3 Qb7 33. Kh2 d4 34. cxd4 Bf8 35. Nh1 Bxd3 36. Qf2 Rcg7 37. Bd2 Rg2+ 0-1